000 00818nam a2200265 4500
003 OSt
005 20260530113908.0
008 260508b2018 |||a|||| |||| 00| 0 spa d
020 _a9786074374582
040 _aICI
_bspa
_cICI
050 _aNK1390
_bG56
100 1 _aAna Estrella Matute y María Testelli Aguilar
_933108
245 1 0 _aGlosario de Diseño:
_bCDMX - MILÁN
264 1 _bAM Editores SA
_c2018
_aMéxico
300 _a154 páginas
336 _atexto
_2rdacontent
337 _asin medio
_2rdamedia
338 _avolumen
_2rdacarrier
650 _aDiseño
_vDiccionarios
_933109
650 _aDiseño industrial
_xTerminología
_933110
650 _aDiseño gráfico
_xTerminología
_933111
650 _aComunicación visual
_933112
650 _aDiseño contemporáneo
_933113
942 _2lcc
_cBK
_n1
999 _c12049
_d12049